|
|
|
|
| LEADER |
00612nam a22001697a 4500 |
| 008 |
161129b xxu||||| |||| 00| 0 eng d |
| 020 |
|
|
|a 9788184576412
|
| 082 |
|
|
|a 786.93
|b MIS
|
| 100 |
|
|
|a Mishra, Vijay Shanker
|
| 245 |
|
|
|a Tabla :
|b rare compositions of the great masters /
|c Vijay Shanker Mishra
|
| 250 |
|
|
|a 1st ed.
|
| 260 |
|
|
|a New Delhi :
|b Kanishka Publishers,
|c 2014.
|
| 300 |
|
|
|a 164p.
|
| 650 |
|
|
|a Music instrument
|
| 942 |
|
|
|2 ddc
|c BK
|
| 999 |
|
|
|c 16063
|d 16063
|
| 952 |
|
|
|0 0
|1 0
|2 ddc
|4 0
|6 786_930000000000000_MIS
|7 0
|9 22583
|a MAIN
|b MAIN
|d 2016-11-29
|e Pai Brothers
|g 500.00
|o 786.93 MIS
|p 22594
|r 2016-11-29
|t 1
|w 2016-11-29
|y BK
|